Statistiques concernant Discographie de Nepal

Cliquez ici pour prendre le quiz!

Statistiques générales

  • Ce quiz a été pris 262 fois
  • Le résultat moyen est 27 sur 82

Statistiques - réponses

Réponse% Correct
Sundance
75%
Trajectoire
75%
Lemonade
73%
Daruma
72%
444 nuits
70%
Babylone
70%
En face
70%
Rien d'spécial
68%
Crossfader
63%
Cheddar
62%
Malik Al Mawt
59%
Vibe
58%
Ennemis, Pt. 2
57%
Suga Suga
56%
Niveau 1
55%
Intro
54%
Intro
54%
Là-bas
54%
Millionnaire
53%
Skyclub
51%
Benji
50%
Opening
49%
Deadpornstars
47%
Cloud8
46%
Kodak White
46%
Insomnie
44%
Sans voir
43%
Overdab
42%
150CC
39%
Jugements
39%
Dans le fond
38%
Emoji
38%
Omotesando
36%
Coach K
35%
Kamehouse
34%
Oxmose
34%
Evisu
33%
Même vie
32%
City Lights
31%
Fugu
31%
Teczer
30%
Love 64 (Interlude)
29%
Maladavexa
28%
Necronomicon
27%
Outro
27%
Baby Milo
26%
YOLO
25%
Faute de time
23%
Gava
23%
James Worthy
21%
Bizarre City
20%
Laisse rouler
20%
One Punch Man
20%
Règlement Space 3
19%
Youtube Freestyle
17%
0 à 100
16%
66 Mesures
16%
C'est Mort
16%
Medley volume 1
16%
Medley volume 2
16%
Medley volume 3
16%
Abra
15%
Coup d'pouce
15%
Ibiki
15%
Regulate
13%
Bonus Track
11%
Plonge Dans L'abysse
11%
Youtube Freestyle 2
11%
La Fete Est Finie
9%
Loki Dort Freestyle
9%
Mc Cain No Jutsu
9%
Moot-Moot
9%
Wanagain Freestyle
9%
Dis L'heure
8%
Sature
8%
Croix De Bois Freestyle
7%
No Sizzurp
7%
Une Journee Comme Les Autres
7%
Coup De Crayon
6%
Omar & Fred
5%
Curtis Freestyle
3%
John Doe
3%

Distribution des résultats

Percentile par nombre de réponses

% des personnes avec chaque résultat

Votre développement - résultats

Vous n’avez pas pris ce quiz